| 000 | 00418nam a2200157 i 4500 | ||
|---|---|---|---|
| 001 | 33371 | ||
| 003 | ES-MaACL | ||
| 005 | 20230906154738.0 | ||
| 007 | t| | ||
| 008 | 030202s1930 sp ||||1| spa d | ||
| 100 | 1 |
_aBetancourt, Manuel Norberto. _928637 |
|
| 245 | 1 | 0 |
_aEsbozo del Eponimo / _cManuel Norberto Vetancourt. |
| 260 |
_a[S.l. : _bs.n., _c1930] |
||
| 300 |
_a28 p. ; _c22 cm. |
||
| 852 |
_aES-MaACL _j1748-F-9 |
||
| 999 |
_c33371 _d33371 |
||